| 000 | 00618nam a2200205Ii 4500 | ||
|---|---|---|---|
| 003 | JO-AjNU | ||
| 008 | 230606s9999||||xx |||||||||||||| ||und|| | ||
| 020 | _a0-675-20206-0 | ||
| 040 |
_aJO-AjNU _beng _erda _cJO-AjNU |
||
| 041 | _aeng | ||
| 050 | 1 | 4 | _aHG4026.V57.1987 |
| 100 | 3 |
_aViscione, Jerry, Roberts, Gordon S, _eauthor _96807 |
|
| 245 | 0 | 0 | _aContemporary Financial Management |
| 264 | 3 | 1 | _aColumbus: Merrill Publishing Company, 1987 |
| 300 | _a976p | ||
| 336 |
_atext _btxt _2rdacontent |
||
| 337 |
_aunmediated _bn _2rdamedia |
||
| 338 |
_avolume _bnc _2rdacarrier |
||
| 650 | 4 |
_a Financial Management _96808 |
|
| 999 |
_aE3546 _c3528 _d3528 |
||